[Event "Las Vegas National op"]
[Site "Las Vegas"]
[Date "2021.06.17"]
[Round "2"]
[White "Zierk, Steven C"]
[Black "Vibbert, Sean"]
[Result "1/2-1/2"]
[WhiteElo "2499"]
[BlackElo "2270"]
[PlyCount "154"]
[EventDate "2021.06.16"]
[EventType "swiss"]
[EventRounds "9"]
[EventCountry "USA"]
[SourceTitle "CBM 203 Extra"]
[Source "ChessBase"]
[SourceDate "2021.09.30"]
[SourceVersion "1"]
[SourceVersionDate "2021.09.30"]
[SourceQuality "1"]

1. d4 Nf6 2. c4 e6 3. Nf3 b6 4. e3 Bb7 5. Nc3 Bb4 6. Bd2 Bxc3 7. Bxc3 Ne4 8. Rc1 d6 9. Be2 Nd7 10. 0-0 Nxc3 11. Rxc3 0-0 12. b4 a5 13. a3 axb4 14. axb4 Ra2 15. c5 Qa8 16. Bc4 Ra3 17. Rc1 dxc5 18. bxc5 bxc5 19. Bb5 c6 20. Be2 cxd4 21. Qxd4 Nf6 22. Rfd1 Ra2 23. Ra1 c5 24. Qe5 Bd5 25. Ne1 Qa3 26. Bf3 h6 27. e4 Bb3 28. Rxa2 Bxa2 29. Nc2 Qa4 30. Qxc5 Nxe4 31. Bxe4 Qxe4 32. Ne3 e5 33. f3 Qf4 34. Ng4 f6 35. Qe7 Bf7 36. Nf2 Rc8 37. Rd8+ Rxd8 38. Qxd8+ Kh7 39. Qd3+ Bg6 40. Qc3 Bf5 41. g3 Qa4 42. h4 Bg6 43. Kg2 Qa2 44. Qe3 Qd5 45. Ng4 Kg8 46. Nf2 Be8 47. Qd3 Bc6 48. Qxd5+ Bxd5 49. Ng4 Kf7 50. Kf2 Ke6 51. Ne3 Bc6 52. f4 Be4 53. fxe5 Kxe5 54. Ng4+ Kd4 55. Ne3 Kd3 56. Ng4 Bb7 57. Ne3 Ke4 58. Ng2 Bd5 59. Nf4 Bf7 60. Ng2 Bh5 61. Nf4 Bf7 62. Ng2 Be8 63. Nf4 Kf5 64. Nd5 Ke5 65. Nf4 g5 66. hxg5 fxg5 67. Ng2 h5 68. Ne3 Bf7 69. Ng2 Bd5 70. Ne3 Be4 71. Nc4+ Kd5 72. Ne3+ Kd4 73. Nf1 Kd3 74. Ne3 h4 75. gxh4 gxh4 76. Ng2 h3 77. Nf4+ Kd4 1/2-1/2

[Event "North American op 29th"]
[Site "Las Vegas"]
[Date "2019.12.26"]
[Round "1"]
[White "Vibbert, Sean"]
[Black "Wu, Derek"]
[Result "1/2-1/2"]
[WhiteElo "2320"]
[BlackElo "2039"]
[PlyCount "60"]
[EventDate "2019.12.26"]
[EventType "swiss"]
[EventRounds "9"]
[EventCountry "USA"]
[SourceTitle "CBM 194 Extra"]
[Source "ChessBase"]
[SourceDate "2020.03.31"]
[SourceVersion "1"]
[SourceVersionDate "2020.03.31"]
[SourceQuality "1"]

1. e4 c5 2. Nc3 d6 3. g3 Nc6 4. Bg2 g6 5. d3 Bg7 6. Be3 e6 7. Qd2 Rb8 8. a4 a6 9. Nge2 Nd4 10. Rb1 e5 11. 0-0 Ne7 12. b4 0-0 13. bxc5 dxc5 14. Nd5 Nxd5 15. exd5 Bh3 16. c4 Bd7 17. Bxd4 exd4 18. a5 Be5 19. Rb2 Bc7 20. Ra1 Qf6 21. Rab1 b5 22. axb6 Rxb6 23. Rxb6 Bxb6 24. Qf4 Qxf4 25. Nxf4 Rb8 26. Bh3 f5 27. Ne6 Bxe6 28. dxe6 Kf8 29. Bg2 Ke7 30. Bd5 Bc7 1/2-1/2

[Event "Chicago op 27th"]
[Site "Chicago"]
[Date "2018.05.27"]
[Round "7"]
[White "Vibbert, Sean"]
[Black "Nyzhnyk, Illya"]
[Result "1/2-1/2"]
[WhiteElo "2331"]
[BlackElo "2618"]
[PlyCount "92"]
[EventDate "2018.05.24"]
[EventType "swiss"]
[EventRounds "9"]
[EventCountry "USA"]
[SourceTitle "CBM 184 Extra"]
[Source "ChessBase"]
[SourceDate "2018.06.28"]
[SourceVersion "1"]
[SourceVersionDate "2018.06.28"]
[SourceQuality "1"]

1. e4 c6 2. d4 d5 3. Nc3 dxe4 4. Nxe4 Bf5 5. Ng3 Bg6 6. h4 h6 7. h5 Bh7 8. Nf3 Nd7 9. Bd3 Bxd3 10. Qxd3 e6 11. Bd2 Ngf6 12. 0-0-0 Be7 13. Ne4 Nxe4 14. Qxe4 Nf6 15. Qe2 Qd5 16. c4 Qe4 17. Qxe4 Nxe4 18. Be1 Bf6 19. Ne5 Rd8 20. f3 Nd6 21. Bf2 Bxe5 22. dxe5 Nxc4 23. Rxd8+ Kxd8 24. Bxa7 Kc7 25. Re1 Ra8 26. Re4 b5 27. Bd4 Rxa2 28. Rf4 c5 29. Kb1 Ra4 30. Rxf7+ Kc6 31. Bc3 b4 32. b3 Ra3 33. bxc4 Rxc3 34. Rf4 Re3 35. Re4 Rb3+ 36. Kc2 Rc3+ 37. Kb2 Kb6 38. Kb1 Rd3 39. Kc2 Rd7 40. Re1 Rd8 41. Re4 Ka5 42. f4 Kb6 43. g4 Rf8 44. f5 Kc7 45. fxe6 Kd8 46. Re3 Rf4 1/2-1/2

[Event "Chicago op 26th"]
[Site "Chicago"]
[Date "2017.05.26"]
[Round "2"]
[White "Vibbert, Sean"]
[Black "Troff, Kayden W"]
[Result "0-1"]
[WhiteElo "2316"]
[BlackElo "2482"]
[PlyCount "86"]
[EventDate "2017.05.25"]
[EventType "swiss"]
[EventRounds "9"]
[EventCountry "USA"]
[SourceTitle "CBM 178 Extra"]
[Source "ChessBase"]
[SourceDate "2017.06.22"]
[SourceVersion "1"]
[SourceVersionDate "2017.06.22"]
[SourceQuality "1"]

1. e4 c5 2. Nc3 d6 3. g3 Nc6 4. Bg2 g6 5. d3 Bg7 6. Be3 e5 7. f4 Nge7 8. Nf3 exf4 9. Bxf4 0-0 10. 0-0 h6 11. h4 Be6 12. Nb5 Ne5 13. Qd2 Kh7 14. Nxe5 dxe5 15. Be3 c4 16. d4 exd4 17. Nxd4 Qd6 18. Ne2 Qxd2 19. Bxd2 Nc6 20. Bc3 Rad8 21. Bxg7 Kxg7 22. Nf4 Rd2 23. Rf2 Rfd8 24. Nd5 Rxf2 25. Kxf2 Rd6 26. c3 f5 27. Nf4 Ne5 28. Ke3 Ng4+ 29. Ke2 g5 30. hxg5 hxg5 31. Nxe6+ Rxe6 32. Rd1 Nf6 33. Rd4 b5 34. a4 a6 35. axb5 axb5 36. Ke3 Kg6 37. Bf3 fxe4 38. Be2 Kf5 39. Bd1 Ra6 40. Rd8 Ra2 41. Kd4 Rxb2 42. Kc5 e3 43. g4+ Ke5 0-1

[Event "World op 44th"]
[Site "Philadelphia"]
[Date "2016.07.02"]
[Round "4"]
[White "Yim, Sung Ho"]
[Black "Vibbert, Sean"]
[Result "0-1"]
[WhiteElo "2169"]
[BlackElo "2350"]
[PlyCount "44"]
[EventDate "2016.06.30"]
[EventType "swiss"]
[EventRounds "9"]
[EventCountry "USA"]
[SourceTitle "CBM 173 Extra"]
[Source "ChessBase"]
[SourceDate "2016.08.29"]
[SourceVersion "1"]
[SourceVersionDate "2016.08.29"]
[SourceQuality "1"]

1. d4 d5 2. c4 c6 3. Nf3 Nf6 4. e3 Bf5 5. Nc3 e6 6. Nh4 Bg6 7. Nxg6 hxg6 8. Bd3 Nbd7 9. 0-0 Bd6 10. h3 Qe7 11. Qc2 g5 12. f3 dxc4 13. Bxc4 Bc7 14. Qd1 Qd6 15. f4 gxf4 16. exf4 Nb6 17. Qd3 0-0-0 18. Be3 g5 19. fxg5 Qh2+ 20. Kf2 Nxc4 21. Qxc4 Rxh3 22. Ke2 Qxg2+ 0-1

[Event "Chicago op 25th"]
[Site "Chicago"]
[Date "2016.05.28"]
[Round "4"]
[White "Vibbert, Sean"]
[Black "Zhou, Jianchao"]
[Result "0-1"]
[WhiteElo "2350"]
[BlackElo "2617"]
[PlyCount "86"]
[EventDate "2016.05.26"]
[EventType "swiss"]
[EventRounds "9"]
[EventCountry "USA"]
[SourceTitle "CBM 172 Extra"]
[Source "ChessBase"]
[SourceDate "2016.06.21"]
[SourceVersion "1"]
[SourceVersionDate "2016.06.21"]
[SourceQuality "1"]

1. e4 c5 2. Nc3 d6 3. g3 Nc6 4. Bg2 g6 5. d3 Bg7 6. Be3 e5 7. f4 exf4 8. Bxf4 Nge7 9. Nge2 Be6 10. 0-0 0-0 11. Be3 b5 12. Nf4 b4 13. Nxe6 fxe6 14. Rxf8+ Qxf8 15. Ne2 Bxb2 16. Rb1 Bg7 17. d4 cxd4 18. Nxd4 Nxd4 19. Bxd4 Nc6 20. Bxg7 Kxg7 21. Qd2 Qe7 22. c3 bxc3 23. Qxc3+ Ne5 24. a4 a5 25. h3 Qa7+ 26. Kh1 Rf8 27. Rb5 Qf2 28. Rxa5 Kh6 29. Rb5 Nf3 30. Qc1+ g5 31. Rb3 Ne1 32. Qb2 Nxg2 33. Qxf2 Rxf2 34. Kg1 Ra2 35. Rd3 Kg6 36. Rxd6 Kf6 37. Rd7 Ne1 38. Rxh7 Nf3+ 39. Kf1 Nd2+ 40. Ke1 Nxe4 41. Rh6+ Ke5 42. h4 Ra1+ 43. Ke2 Nxg3+ 0-1

[Event "North American op 25th"]
[Site "Las Vegas"]
[Date "2015.12.28"]
[Round "6"]
[White "Kiewra, Keaton F"]
[Black "Vibbert, Sean"]
[Result "1/2-1/2"]
[WhiteElo "2444"]
[BlackElo "2313"]
[PlyCount "76"]
[EventDate "2015.12.26"]
[EventType "swiss"]
[EventRounds "9"]
[EventCountry "USA"]
[SourceTitle "CBM 170 Extra"]
[Source "ChessBase"]
[SourceDate "2016.02.25"]
[SourceVersion "1"]
[SourceVersionDate "2016.02.25"]
[SourceQuality "1"]

1. d4 d5 2. Bf4 Nf6 3. e3 Bf5 4. Bd3 Bxd3 5. Qxd3 c6 6. Nf3 e6 7. 0-0 Be7 8. c4 0-0 9. Nc3 Nbd7 10. c5 Nh5 11. h3 a5 12. a3 b5 13. Ne5 Nxe5 14. Bxe5 Nf6 15. b4 Nd7 16. Bg3 f5 17. Ne2 a4 18. f3 Bg5 19. Bd6 Re8 20. Rae1 Nb6 21. Bf4 Nc4 22. Kh2 Bxf4+ 23. exf4 Qc7 24. h4 Kf7 25. g3 Ke7 26. Ng1 Kd7 27. Nh3 Re7 28. Kg2 g6 29. Re2 Qd8 30. Kf2 Qg8 31. Ke1 Qg7 32. Kd1 Rae8 33. Rfe1 h6 34. Kc1 Qf6 35. Kb1 Rg7 36. Ka2 Reg8 37. Rh1 Re8 38. Reh2 Rge7 1/2-1/2

[Event "North American op 25th"]
[Site "Las Vegas"]
[Date "2015.12.28"]
[Round "5"]
[White "Vibbert, Sean"]
[Black "Checa, Nicolas D"]
[Result "1/2-1/2"]
[WhiteElo "2313"]
[BlackElo "2419"]
[PlyCount "156"]
[EventDate "2015.12.26"]
[EventType "swiss"]
[EventRounds "9"]
[EventCountry "USA"]
[SourceTitle "CBM 170 Extra"]
[Source "ChessBase"]
[SourceDate "2016.02.25"]
[SourceVersion "1"]
[SourceVersionDate "2016.02.25"]
[SourceQuality "1"]

1. e4 e6 2. Nc3 d5 3. d4 Bb4 4. exd5 exd5 5. Bd3 Nf6 6. Nge2 0-0 7. 0-0 Re8 8. a3 Bd6 9. Nb5 Be7 10. Bf4 Na6 11. Nbc3 c6 12. Bxa6 bxa6 13. Ng3 Be6 14. Na4 Qa5 15. b3 Nd7 16. Bd2 Qb5 17. f4 f5 18. Qe1 Bh4 19. Bb4 Bf7 20. Qc3 Bxg3 21. Qxg3 Nf6 22. Nc3 Qb6 23. Bc5 Qc7 24. Qd3 a5 25. g3 Ne4 26. Rae1 Qb7 27. Nxe4 dxe4 28. Qe3 a4 29. bxa4 Qa6 30. Bd6 Qxa4 31. Qc3 Qc4 32. Qxc4 Bxc4 33. Rf2 Rad8 34. Be5 Rd5 35. g4 fxg4 36. Rg2 h5 37. h3 Ra5 38. hxg4 h4 39. Re3 Rb5 40. Rh2 Rb1+ 41. Kg2 Bf1+ 42. Kf2 Bb5 43. Rxh4 Rf1+ 44. Kg2 Rc1 45. Rc3 c5 46. d5 e3 47. Rxe3 Rxc2+ 48. Kg3 Rd2 49. Rb3 a6 50. a4 c4 51. Rc3 Bxa4 52. Rxc4 Bd7 53. Rd4 Re2 54. Kf3 Re1 55. Rh5 Kf7 56. Rc4 Rd1 57. d6 Rf1+ 58. Kg2 Rd1 59. Rh7 Rg8 60. Rc7 Ke6 61. Bxg7 Rxd6 62. Rh6+ Kd5 63. Rxd6+ Kxd6 64. Be5+ Ke7 65. g5 Rc8 66. Ra7 Ke6 67. Rxa6+ Kf5 68. Kf2 Rc2+ 69. Ke3 Bc6 70. Kd4 Rc1 71. Ra7 Be8 72. Re7 Bh5 73. Ke3 Re1+ 74. Kd2 Rd1+ 75. Kc3 Rc1+ 76. Kb2 Rc6 77. Rb7 Bg6 78. Rb5 Kg4 1/2-1/2

[Event "North American op 25th"]
[Site "Las Vegas"]
[Date "2015.12.27"]
[Round "3"]
[White "Vibbert, Sean"]
[Black "Chiku Ratte, Olivier Kenta"]
[Result "1-0"]
[WhiteElo "2313"]
[BlackElo "2376"]
[PlyCount "77"]
[EventDate "2015.12.26"]
[EventType "swiss"]
[EventRounds "9"]
[EventCountry "USA"]
[SourceTitle "CBM 170 Extra"]
[Source "ChessBase"]
[SourceDate "2016.02.25"]
[SourceVersion "1"]
[SourceVersionDate "2016.02.25"]
[SourceQuality "1"]

1. e4 c5 2. Nc3 Nc6 3. g3 g6 4. Bg2 Bg7 5. d3 d6 6. Be3 e6 7. Qd2 Rb8 8. Nge2 Nd4 9. Nc1 Ne7 10. 0-0 0-0 11. Nd1 b6 12. Re1 d5 13. Nb3 Bb7 14. Bxd4 cxd4 15. e5 Nc6 16. f4 f6 17. exf6 Rxf6 18. Nf2 Qd6 19. Re2 h5 20. Qe1 Rbf8 21. Nh3 a5 22. Ng5 a4 23. Nd2 Bc8 24. Bh3 Re8 25. Ndf3 Bf8 26. Ne5 Ne7 27. Ngf3 Bh6 28. a3 Kg7 29. Qb4 Qc7 30. Qxa4 Rff8 31. Qxd4 Kh7 32. Rae1 Nf5 33. Bxf5 gxf5 34. b4 Rg8 35. Kf2 Bb7 36. h4 Bg7 37. Ng5+ Kh6 38. Nef7+ Kg6 39. Rxe6+ 1-0

[Event "World op 43rd"]
[Site "Arlington"]
[Date "2015.07.04"]
[Round "7"]
[White "Vibbert, Sean"]
[Black "Colas, Joshua"]
[Result "1-0"]
[WhiteElo "2360"]
[BlackElo "2241"]
[PlyCount "69"]
[EventDate "2015.07.01"]
[EventType "swiss"]
[EventRounds "9"]
[EventCountry "USA"]
[SourceTitle "CBM 167 Extra"]
[Source "ChessBase"]
[SourceDate "2015.09.14"]
[SourceVersion "1"]
[SourceVersionDate "2015.09.14"]
[SourceQuality "1"]

1. e4 c5 2. Nc3 e6 3. Nge2 a6 4. g3 b5 5. Bg2 Bb7 6. 0-0 d6 7. d3 Nc6 8. Be3 Nf6 9. h3 Be7 10. Qd2 0-0 11. g4 b4 12. Na4 Nd7 13. a3 a5 14. f4 e5 15. Ng3 exf4 16. Bxf4 Nd4 17. Nf5 Ne6 18. e5 Bxg2 19. Nxe7+ Qxe7 20. exd6 Qf6 21. Kxg2 Qd4 22. b3 Qd5+ 23. Kh2 Nd4 24. Qg2 Qxg2+ 25. Kxg2 Nxc2 26. Rac1 Nd4 27. axb4 Nxb3 28. bxc5 Nxc1 29. Rxc1 g5 30. Bxg5 Ne5 31. d4 Nc6 32. d5 Nb4 33. Rd1 f6 34. Bf4 Kf7 35. c6 1-0

[Event "Chicago op 24th"]
[Site "Chicago"]
[Date "2015.05.25"]
[Round "9"]
[White "Vibbert, Sean"]
[Black "Troff, Kayden W"]
[Result "1/2-1/2"]
[WhiteElo "2312"]
[BlackElo "2556"]
[PlyCount "53"]
[EventDate "2015.05.21"]
[EventType "swiss"]
[EventRounds "9"]
[EventCountry "USA"]
[SourceTitle "CBM 166 Extra"]
[Source "ChessBase"]
[SourceDate "2015.06.18"]
[SourceVersion "1"]
[SourceVersionDate "2015.06.18"]
[SourceQuality "1"]

1. e4 c5 2. Nc3 d6 3. g3 Nc6 4. d3 g6 5. Bg2 Bg7 6. Be3 e5 7. f4 Nge7 8. Nf3 Nd4 9. 0-0 Bg4 10. fxe5 dxe5 11. Nd5 0-0 12. c3 Nxf3+ 13. Bxf3 Bxf3 14. Qxf3 Nxd5 15. exd5 b6 16. c4 a5 17. Rae1 Qd7 18. Bd2 Rae8 19. Bc3 Qa4 20. Qg2 Qd7 21. Re2 f6 22. b3 Rf7 23. a4 Rff8 24. Bb2 Rf7 25. Kh1 Rff8 26. Bc3 Rf7 27. Bb2 1/2-1/2

[Event "Chicago op 24th"]
[Site "Chicago"]
[Date "2015.05.24"]
[Round "6"]
[White "Vibbert, Sean"]
[Black "Mitkov, Nikola"]
[Result "1-0"]
[WhiteElo "2312"]
[BlackElo "2479"]
[PlyCount "85"]
[EventDate "2015.05.21"]
[EventType "swiss"]
[EventRounds "9"]
[EventCountry "USA"]
[SourceTitle "CBM 166 Extra"]
[Source "ChessBase"]
[SourceDate "2015.06.18"]
[SourceVersion "1"]
[SourceVersionDate "2015.06.18"]
[SourceQuality "1"]

1. e4 e5 2. Nf3 Nc6 3. Bc4 Bc5 4. 0-0 Nf6 5. d3 0-0 6. c3 d5 7. exd5 Nxd5 8. b4 Be7 9. b5 Na5 10. Bxd5 Qxd5 11. c4 Qd8 12. Bd2 b6 13. Bxa5 bxa5 14. Nc3 Bb7 15. Rc1 f6 16. d4 e4 17. Ne1 a6 18. a4 f5 19. c5 axb5 20. axb5 Bd5 21. Qa4 Bg5 22. Rd1 f4 23. f3 e3 24. Nd3 Rf5 25. Ne5 Bh4 26. Qc2 g6 27. Ng4 Kg7 28. Nxd5 Qxd5 29. g3 Re8 30. Qe2 fxg3 31. Nxe3 Rg5 32. Nxd5 Rxe2 33. Nf4 Re8 34. Ng2 gxh2+ 35. Kh1 Rh5 36. Nxh4 Rxh4 37. d5 Rc4 38. Rc1 Rb4 39. b6 cxb6 40. c6 Kf6 41. d6 Rd4 42. d7 Rf8 43. Rfd1 1-0

[Event "Chicago op 24th"]
[Site "Chicago"]
[Date "2015.05.23"]
[Round "5"]
[White "Vibbert, Sean"]
[Black "Fishbein, Alexander"]
[Result "1/2-1/2"]
[WhiteElo "2312"]
[BlackElo "2499"]
[PlyCount "100"]
[EventDate "2015.05.21"]
[EventType "swiss"]
[EventRounds "9"]
[EventCountry "USA"]
[SourceTitle "CBM 166 Extra"]
[Source "ChessBase"]
[SourceDate "2015.06.18"]
[SourceVersion "1"]
[SourceVersionDate "2015.06.18"]
[SourceQuality "1"]

1. e4 e5 2. Nf3 Nc6 3. Bb5 a6 4. Ba4 Nf6 5. 0-0 Nxe4 6. Qe2 Nc5 7. Bxc6 dxc6 8. d4 Ne6 9. dxe5 Nd4 10. Nxd4 Qxd4 11. c3 Qh4 12. Be3 Be6 13. Rd1 Qe4 14. f4 Bc5 15. Re1 Qxe3+ 16. Qxe3 Bxe3+ 17. Rxe3 0-0-0 18. Kf2 Rd1 19. Re1 Rhd8 20. h3 h5 21. Ke2 Bc4+ 22. Kf2 h4 23. b3 Be6 24. c4 Bf5 25. Nc3 R1d3 26. Rac1 R8d4 27. Re3 Rxf4+ 28. Ke2 Rd8 29. Rf1 Rxf1 30. Kxf1 Rd2 31. Ne4 Bxe4 32. Rxe4 Kd7 33. Rxh4 Ke6 34. Rh8 Kxe5 35. Rb8 Rxa2 36. Rxb7 Kd6 37. c5+ Kd7 38. Rb8 g5 39. Rf8 Ke6 40. Rc8 Rc2 41. b4 Rc4 42. Rxc7 Rf4+ 43. Ke2 Kd5 44. Rd7+ Kc4 45. g3 Rf5 46. Rb7 Rf6 47. Rb6 Rh6 48. Kf3 f5 49. h4 gxh4 50. gxh4 Rxh4 1/2-1/2

[Event "Chicago op 24th"]
[Site "Chicago"]
[Date "2015.05.21"]
[Round "1"]
[White "Vibbert, Sean"]
[Black "Bruzon Batista, Lazaro"]
[Result "0-1"]
[WhiteElo "2312"]
[BlackElo "2684"]
[PlyCount "84"]
[EventDate "2015.05.21"]
[EventType "swiss"]
[EventRounds "9"]
[EventCountry "USA"]
[SourceTitle "CBM 166 Extra"]
[Source "ChessBase"]
[SourceDate "2015.06.18"]
[SourceVersion "1"]
[SourceVersionDate "2015.06.18"]
[SourceQuality "1"]

1. e4 e5 2. Nf3 Nc6 3. Bb5 Nf6 4. 0-0 Nxe4 5. Re1 Nd6 6. Nc3 Be7 7. Bf1 e4 8. Nxe4 Nxe4 9. Rxe4 d5 10. Re1 Bg4 11. d4 Bxf3 12. Qxf3 Nxd4 13. Qg4 Ne6 14. Bd3 g6 15. Bh6 Qd7 16. Qf3 Bf8 17. c4 0-0-0 18. cxd5 Nd4 19. Qf6 Bxh6 20. Qxd4 Qxd5 21. Qxd5 Rxd5 22. Bc4 Rd2 23. Bxf7 Rxb2 24. Rad1 Bf4 25. Rd4 Bd6 26. Rh4 Bc5 27. Rf1 b5 28. g3 a5 29. a4 b4 30. Bxg6 Rf8 31. Bxh7 Rfxf2 32. Rxf2 Rxf2 33. Kh1 b3 34. Rf4 Rd2 35. Rf3 b2 36. Rb3 Bb4 37. h4 c5 38. h5 c4 39. Rf3 c3 40. Bf5+ Kc7 41. Rf4 c2 42. Rc4+ Kb6 0-1